LEADER 01022cam0 22002413 450 001 SOB0000001451 005 20230726094547.0 100 $a20010206d1873 |||||ita|0103 ba 101 $aita 102 $aIT 200 1 $aSommi lineamenti di una storia ideale della penalità e problemi odierni nella scienza e nella codificazione$eIntroduzione al corso di diritto penale$fdi P. S. Mancini 210 $aRoma$cTipografia dell'Opinione$d1873 215 $a64 p.$d29 cm 700 1$aMancini$b, Pasquale Stanislao$3AF00004597$4070$0446854 801 0$aIT$bUNISOB$c20230726$gRICA 850 $aUNISOB 852 $aUNISOB$j340|Coll|5|K$m53256 912 $aSOB0000001451 940 $aM 102 Monografia moderna SBN 941 $aM 957 $a340|Coll|5|K$b000016$gSI$d53256$rACQUISTO$1Alfano$2UNISOB$3UNISOB$420230726094451.0$520230726094526.0$6Alfano$fFotocopia dell'originale 996 $aSommi lineamenti di una storia ideale della penalità e problemi odierni nella scienza e nella codificazione$91678734 997 $aUNISOB LEADER 01099nas 2200361- 450 001 9910217046703321 005 20240116213021.0 011 $a2396-9008 035 $a(OCoLC)935524175 035 $a(CKB)2320000000008063 035 $a(CONSER)--2016226050 035 $a(EXLCZ)992320000000008063 100 $a20160121a20159999 --- - 101 0 $aeng 135 $aur||||||||||| 181 $ctxt$2rdacontent 182 $cc$2rdamedia 183 $acr$2rdacarrier 200 10$aObject 210 1$aLondon :$cHistory of Art Department, University College London,$d[2015]- 300 $aRefereed/Peer-reviewed 300 $a"Graduate research and reviews in the history of art and visual culture." 311 $a1464-7230 606 $aArt criticism$vPeriodicals 606 $aArt criticism$2fast$3(OCoLC)fst00815492 608 $aPeriodicals.$2fast 615 0$aArt criticism 615 7$aArt criticism. 712 02$aUniversity College, London.$bHistory of Art Department, 906 $aJOURNAL 912 $a9910217046703321 996 $aObject$92279861 997 $aUNINA